La orientación como mundo educativo

Guardat en:
Dades bibliogràfiques
Autor principal: Castillo Inzulza, Gabriel (Autor)
Format: Llibre
Idioma:espanyol
Publicat: Santiago C.P.E.I.P 1993
Col·lecció:Documento de Estudio, 9
Matèries:
Etiquetes: Afegir etiqueta
Sense etiquetes, Sigues el primer a etiquetar aquest registre!

MARC

LEADER 00000nam a2200000 a 4500
001 UCW7670
003 CL-VaPUC
008 930621e19930000CL |||||||||||||||||spa|d
082 0 4 |a 371.4  |b CAS  |2 21 
100 0 |a Castillo Inzulza, Gabriel  |e author  |9 312880 
245 1 3 |a La orientación como mundo educativo 
300 |a 27 h 
942 |c BK 
945 |d 19930621 00:00:00 
260 |a Santiago  |b C.P.E.I.P  |c 1993 
650 0 |a Orientación vocacional  |9 255692 
650 0 |a Juventud  |9 271073 
583 |a last modification  |c 20170829 10:14:01  |k Rodrigo Vera 
490 0 |a Documento de Estudio, 9 
999 |c 220361  |d 220359 
952 |0 0  |1 0  |4 0  |6 371_400000000000000_CAS_1993  |7 0  |8 A  |9 212444  |a BIBEDU  |b BIBEDU  |d 2019-11-15  |i 2806843  |o 371.4 CAS 1993  |p 2806843  |r 2019-11-15  |w 2019-11-15  |y BK  |k EDU